[Event "Heusenstamm Sparkassen op-B 6th"]
[Site "Heusenstamm"]
[Date "2019.11.24"]
[Round "6"]
[White "Keck, Johannes"]
[Black "Berkes, Joerg"]
[Result "0-1"]
[WhiteElo "1263"]
[BlackElo "1754"]
[PlyCount "45"]
[EventDate "2019.11.21"]
[EventType "swiss"]
[EventRounds "7"]
[EventCountry "GER"]
[SourceTitle "CBM 194 Extra"]
[Source "ChessBase"]
[SourceDate "2020.03.31"]
[SourceVersion "1"]
[SourceVersionDate "2020.03.31"]
[SourceQuality "1"]

1. e4 g6 2. d4 Bg7 3. Nc3 d6 4. Bc4 Nf6 5. Bb3 c6 6. Nf3 b5 7. a3 a5 8. 0-0 Ba6 9. Re1 0-0 10. h3 b4 11. e5 bxc3 12. exf6 Bxf6 13. bxc3 Nd7 14. Bg5 e6 15. Qd2 Bxg5 16. Qxg5 Qxg5 17. Nxg5 d5 18. Ba4 Nb6 19. Bb3 a4 20. Ba2 Nd7 21. Rec1 Nf6 22. f3 h6 23. Nxe6 0-1

[Event "EU Union-ch U10"]
[Site "Kouty nad Desnou"]
[Date "2019.08.23"]
[Round "8"]
[White "Keck, Johannes"]
[Black "Griksaite, Ruta"]
[Result "1-0"]
[WhiteElo "1397"]
[BlackElo "1012"]
[PlyCount "121"]
[EventDate "2019.08.16"]
[EventType "swiss"]
[EventRounds "9"]
[EventCountry "CZE"]
[SourceTitle "EXT 2020"]
[Source "ChessBase"]
[SourceDate "2019.10.17"]
[SourceVersion "1"]
[SourceVersionDate "2019.10.17"]
[SourceQuality "1"]

1. e4 e5 2. Nf3 Nc6 3. Bc4 Nf6 4. d3 Bc5 5. 0-0 d6 6. c3 Bg4 7. Nbd2 0-0 8. h3 Be6 9. Bb3 Qd7 10. Bxe6 fxe6 11. a4 a6 12. Re1 Rf7 13. Nf1 h6 14. Ng3 Nh7 15. Be3 Bxe3 16. fxe3 Raf8 17. Qd2 Qe7 18. Rf1 Ng5 19. Nxg5 Qxg5 20. Kh2 Rxf1 21. Rxf1 Rxf1 22. Nxf1 Ne7 23. Qf2 Qf6 24. Kg1 Qxf2+ 25. Kxf2 Kf7 26. Nd2 Kf6 27. g4 g5 28. Nc4 Nc6 29. Ke2 Ke7 30. d4 exd4 31. exd4 Kf6 32. Ne3 Na5 33. Kd3 b6 34. b4 Nb7 35. d5 e5 36. Nf5 Kg6 37. Ne7+ Kf7 38. Nc6 Kg6 39. Nb8 a5 40. Na6 h5 41. Nxc7 hxg4 42. hxg4 Kf7 43. Na8 Ke7 44. Nxb6 Kd8 45. Nc4 axb4 46. cxb4 Kc7 47. Na5 Nxa5 48. bxa5 Kb7 49. Kc4 Ka6 50. Kb4 Kb7 51. Kb5 Kc7 52. a6 Kb8 53. Kc6 Kc8 54. a7 Kd8 55. a8Q+ Ke7 56. Qh8 Kf7 57. a5 Ke7 58. a6 Kf7 59. a7 Ke7 60. a8Q Kf7 61. Qae8# 1-0

[Event "EU Union-ch U10"]
[Site "Kouty nad Desnou"]
[Date "2019.08.21"]
[Round "6"]
[White "Keck, Johannes"]
[Black "Bako, Evelin"]
[Result "0-1"]
[WhiteElo "1397"]
[BlackElo "1152"]
[PlyCount "156"]
[EventDate "2019.08.16"]
[EventType "swiss"]
[EventRounds "9"]
[EventCountry "CZE"]
[SourceTitle "EXT 2020"]
[Source "ChessBase"]
[SourceDate "2019.10.17"]
[SourceVersion "1"]
[SourceVersionDate "2019.10.17"]
[SourceQuality "1"]

1. e4 e5 2. Bc4 Nf6 3. d3 Nc6 4. Nf3 Bc5 5. 0-0 0-0 6. Re1 d6 7. c3 Bg4 8. h3 Bh5 9. Nbd2 Re8 10. Nf1 h6 11. Ng3 Bg6 12. Bb3 d5 13. exd5 Nxd5 14. Nh2 Nf6 15. Bc4 a6 16. a4 Qd7 17. Be3 Bxe3 18. Rxe3 Rad8 19. Qe2 Nd5 20. Bxd5 Qxd5 21. d4 f5 22. Nxf5 Bxf5 23. dxe5 Rxe5 24. Rxe5 Qxe5 25. Qh5 Bh7 26. Qg4 Qe4 27. Qh5 Rd5 28. Qf3 Qxf3 29. Nxf3 Be4 30. Ne1 Rd2 31. b3 Na5 32. b4 Nb3 33. Ra3 Rd1 34. f3 Rxe1+ 35. Kf2 Ra1 36. Rxa1 Nxa1 37. fxe4 Kf7 38. Ke3 Nb3 39. Kd3 c5 40. Kc4 Nd2+ 41. Kd3 Nf1 42. bxc5 Ke6 43. Kd4 Ng3 44. c6 bxc6 45. Kc5 Nxe4+ 46. Kxc6 Nxc3 47. Kb6 Nxa4+ 48. Kxa6 Nc5+ 49. Kb5 Nd3 50. Kc4 Nf4 51. g3 Nxh3 52. Kd4 Kf5 53. Ke3 Kg4 54. Ke4 Kxg3 55. Kf5 g5 56. Kg6 g4 57. Kxh6 Kh2 58. Kh5 g3 59. Kg6 g2 60. Kf6 g1Q 61. Ke5 Qd1 62. Ke4 Qh5 63. Kd4 Kg2 64. Ke4 Kf2 65. Kd4 Ke2 66. Ke4 Qf3+ 67. Kd4 Qe3+ 68. Kd5 Nf4+ 69. Kd6 Qe6+ 70. Kc5 Qd7 71. Kc4 Qd5+ 72. Kc3 Ke3 73. Kc2 Qd3+ 74. Kb2 Qc4 75. Kb1 Qc3 76. Ka2 Qb4 77. Ka1 Kd2 78. Ka2 Kc2 0-1

[Event "EU Union-ch U10"]
[Site "Kouty nad Desnou"]
[Date "2019.08.16"]
[Round "1"]
[White "Vana, Jan1111"]
[Black "Keck, Johannes"]
[Result "1-0"]
[WhiteElo "1118"]
[BlackElo "1397"]
[PlyCount "82"]
[EventDate "2019.08.16"]
[EventType "swiss"]
[EventRounds "9"]
[EventCountry "CZE"]
[SourceTitle "EXT 2020"]
[Source "ChessBase"]
[SourceDate "2019.10.17"]
[SourceVersion "1"]
[SourceVersionDate "2019.10.17"]
[SourceQuality "1"]

1. d4 Nf6 2. c4 g6 3. Nc3 Bg7 4. e4 d6 5. f3 0-0 6. Be3 Nbd7 7. Qd2 c5 8. d5 a6 9. Nh3 Rb8 10. Nf2 Qa5 11. Be2 Nb6 12. 0-0 Na4 13. Nxa4 Qxa4 14. f4 Qd7 15. e5 Ne8 16. Bg4 Qd8 17. exd6 exd6 18. Rab1 b5 19. b4 Bxg4 20. Nxg4 cxb4 21. Qxb4 Nc7 22. f5 bxc4 23. Qxc4 Rxb1 24. Rxb1 gxf5 25. Nh6+ Bxh6 26. Bxh6 Ne8 27. Bxf8 Kxf8 28. Qxa6 Qf6 29. Qd3 Qe5 30. Rf1 Ng7 31. a4 Qb2 32. a5 Qb7 33. a6 Qb6+ 34. Kh1 Qa7 35. Qb5 Qe3 36. Qb8+ Ke7 37. Qc7+ Kf6 38. a7 Nh5 39. Qxd6+ Kg7 40. a8Q Qe2 41. Qa1+ Qe5 1-0

[Event "GER-chT U10"]
[Site "Magdeburg"]
[Date "2018.12.28"]
[Round "5.2"]
[White "Sauer, Tim"]
[Black "Keck, Johannes"]
[Result "1-0"]
[WhiteElo "1427"]
[BlackElo "1283"]
[PlyCount "187"]
[EventDate "2018.12.27"]
[EventType "team-swiss"]
[EventRounds "7"]
[EventCountry "GER"]
[SourceTitle "CBM 188 Extra"]
[Source "ChessBase"]
[SourceDate "2019.02.26"]
[SourceVersion "1"]
[SourceVersionDate "2019.02.26"]
[SourceQuality "1"]
[WhiteTeam "Bemerode"]
[BlackTeam "Erlangen"]
[WhiteTeamCountry "GER"]
[BlackTeamCountry "GER"]

1. c4 g6 2. Nc3 Bg7 3. g3 d6 4. Bg2 c5 5. Nf3 Nc6 6. 0-0 Nf6 7. d4 0-0 8. h3 Bd7 9. Be3 b6 10. Rc1 Qc8 11. Kh2 Bf5 12. Nh4 Bd7 13. Nf3 Bf5 14. Nh4 Bd7 15. a3 cxd4 16. Bxd4 Rb8 17. Be3 Ne5 18. b3 Bc6 19. Nd5 Bxd5 20. cxd5 Qd7 21. Bd2 Qb5 22. Rc7 Qa6 23. a4 Rb7 24. Rc1 Ned7 25. b4 Rbb8 26. Rc7 b5 27. a5 Rb7 28. Rxb7 Qxb7 29. e4 Ne5 30. f4 Nc4 31. Re1 Nd7 32. Nf3 Rc8 33. Qe2 Qb8 34. Rc1 h6 35. g4 Rc7 36. Be1 Rc8 37. Nd2 Nxd2 38. Qxd2 Qb7 39. Rc2 Rxc2 40. Qxc2 Nb8 41. Bf1 a6 42. Qc1 Kf8 43. Bd2 Ke8 44. f5 Be5+ 45. Kg2 g5 46. Bc3 Bxc3 47. Qxc3 f6 48. Be2 Kd7 49. Qe3 Qc7 50. Qd2 Qa7 51. Qc3 Qc7 52. Qxc7+ Kxc7 53. Kf3 Kd7 54. Ke3 Ke8 55. Kd3 Kf7 56. Kc3 Nd7 57. Bf1 Ne5 58. Be2 Kg7 59. Bd1 Nc4 60. Bf3 Ne5 61. Be2 Kh7 62. Bd1 Kg7 63. Be2 Nf7 64. Bf3 Nd8 65. Be2 Kf7 66. Bf3 e6 67. fxe6+ Nxe6 68. dxe6+ Kxe6 69. Kd4 Kd7 70. Kd5 Ke7 71. Be2 Kd7 72. Bd3 Ke7 73. Kc6 Ke6 74. Bxb5 axb5 75. a6 Ke5 76. a7 Kxe4 77. a8Q Kf3 78. Qd8 Kg3 79. Qxd6+ Kxh3 80. Qxf6 Kxg4 81. Qxh6 Kf4 82. Qh2+ Kg4 83. Qg2+ Kf4 84. Kxb5 g4 85. Kc4 g3 86. Kd4 Kg4 87. Ke4 Kg5 88. Qxg3+ Kf6 89. Qe5+ Kg6 90. Qf5+ Kh6 91. Qg4 Kh7 92. Kf5 Kh8 93. Kf6 Kh7 94. Qg7# 1-0

[Event "EU Union-ch U10"]
[Site "Kouty nad Desnou"]
[Date "2018.08.15"]
[Round "9"]
[White "Keck, Johannes"]
[Black "Finek, Vaclav"]
[Result "1/2-1/2"]
[WhiteElo "1243"]
[BlackElo "1883"]
[PlyCount "143"]
[EventDate "2018.08.07"]
[EventType "swiss"]
[EventRounds "9"]
[EventCountry "CZE"]
[SourceTitle "CBM 186 Extra"]
[Source "ChessBase"]
[SourceDate "2018.08.24"]
[SourceVersion "1"]
[SourceVersionDate "2018.08.24"]
[SourceQuality "1"]

1. e4 e5 2. Nf3 Nc6 3. Bc4 Bc5 4. c3 Nf6 5. d3 0-0 6. Nbd2 d6 7. Bb3 Bb6 8. 0-0 Ne7 9. h3 Ng6 10. Re1 h6 11. Nf1 Nh5 12. Be3 Nhf4 13. Kh2 Qf6 14. Ng3 Be6 15. Bc2 c6 16. d4 Rfd8 17. Qd2 Bc7 18. Rad1 a5 19. a4 Rac8 20. Rc1 b6 21. b3 Re8 22. Rcd1 Rcd8 23. Rc1 Bc8 24. Rcd1 Ba6 25. c4 b5 26. Qc3 bxc4 27. bxc4 Bc8 28. d5 c5 29. Rb1 Nh4 30. Bxf4 Qxf4 31. Nxh4 Qxh4 32. Qf3 g6 33. Rb2 Kg7 34. Ne2 Ba6 35. Bd3 Rb8 36. Reb1 Rb4 37. Rxb4 axb4 38. Qg3 Qxg3+ 39. Nxg3 Ra8 40. f3 Bd8 41. Nf1 Bg5 42. g3 Bc8 43. Bc2 h5 44. h4 Bh6 45. Bb3 f6 46. Ra1 g5 47. hxg5 fxg5 48. Kg2 Kg6 49. Bd1 Ba6 50. Bb3 Rf8 51. a5 Ra8 52. Nh2 Bc8 53. Bd1 Bg7 54. Kf2 Kh6 55. Kg2 Bf6 56. g4 h4 57. Kh3 Bd8 58. Nf1 Rxa5 59. Rxa5 Bxa5 60. Bb3 Kg6 61. Ne3 Bd7 62. Nd1 Kf6 63. Nb2 Ke7 64. Na4 Kd8 65. Nb2 Kc8 66. Kg2 Bd8 67. Kh3 Kb7 68. Kg2 Ka6 69. Kh3 Ka5 70. Kg2 Bc7 71. Kh3 Bb8 72. Kg2 1/2-1/2

[Event "EU Union-ch U10"]
[Site "Kouty nad Desnou"]
[Date "2018.08.08"]
[Round "2"]
[White "Holestiakova, Nina"]
[Black "Keck, Johannes"]
[Result "0-1"]
[WhiteElo "1100"]
[BlackElo "1243"]
[PlyCount "72"]
[EventDate "2018.08.07"]
[EventType "swiss"]
[EventRounds "9"]
[EventCountry "CZE"]
[SourceTitle "CBM 186 Extra"]
[Source "ChessBase"]
[SourceDate "2018.08.24"]
[SourceVersion "1"]
[SourceVersionDate "2018.08.24"]
[SourceQuality "1"]

1. e4 e6 2. d4 d5 3. e5 c5 4. c3 Nc6 5. Nf3 Qb6 6. a3 cxd4 7. cxd4 Be7 8. b4 a6 9. Bb2 f6 10. Be2 Nh6 11. 0-0 0-0 12. Nbd2 Nf5 13. Nb3 fxe5 14. dxe5 Qc7 15. h3 Nh4 16. Nbd2 Bd7 17. Qc2 Qd8 18. Bd3 h6 19. Rfe1 Bg5 20. Be2 Be8 21. Qc3 Bg6 22. Rad1 Nf5 23. Nf1 Qb6 24. Bd3 Rac8 25. Qb3 Qd8 26. N1d2 Bh7 27. Qa2 Bxd2 28. Rxd2 Nh4 29. Nh2 Qg5 30. f4 Qxf4 31. Ree2 Bxd3 32. Rxd3 Rf5 33. Rd1 Nxe5 34. Bc1 Qg3 35. Re3 Nhf3+ 36. Kh1 Qxh2# 0-1

[Event "EU Union-ch U10"]
[Site "Kouty nad Desnou"]
[Date "2018.08.07"]
[Round "1"]
[White "Keck, Johannes"]
[Black "Grabs, Peter"]
[Result "0-1"]
[WhiteElo "1243"]
[BlackElo "1667"]
[PlyCount "58"]
[EventDate "2018.08.07"]
[EventType "swiss"]
[EventRounds "9"]
[EventCountry "CZE"]
[SourceTitle "CBM 186 Extra"]
[Source "ChessBase"]
[SourceDate "2018.08.24"]
[SourceVersion "1"]
[SourceVersionDate "2018.08.24"]
[SourceQuality "1"]

1. e4 e6 2. d4 d5 3. exd5 exd5 4. Bd3 Bd6 5. Nc3 c6 6. Nf3 Ne7 7. Bg5 0-0 8. Nh4 Re8 9. 0-0 Nd7 10. Re1 f6 11. Bd2 Nf8 12. Qf3 Qc7 13. g3 Qd7 14. Ne2 Qg4 15. Qxg4 Bxg4 16. Bf4 Bxf4 17. Nxf4 g5 18. h3 Bd7 19. Nh5 Kf7 20. Nf3 Bxh3 21. Re3 Bg4 22. Nxf6 Kxf6 23. Ne5 Be6 24. Rae1 Neg6 25. Nxg6 Nxg6 26. Bxg6 hxg6 27. Kg2 Bd7 28. Rxe8 Rxe8 29. Rxe8 Bxe8 0-1

[Event "Heusenstamm Sparkassen op U14 4th"]
[Site "Heusenstamm"]
[Date "2017.11.24"]
[Round "1"]
[White "Hain, Julian"]
[Black "Keck, Johannes"]
[Result "0-1"]
[WhiteElo "777"]
[BlackElo "1152"]
[PlyCount "114"]
[EventDate "2017.11.24"]
[EventType "swiss"]
[EventRounds "5"]
[EventCountry "GER"]
[SourceTitle "EXT 2019"]
[Source "ChessBase"]
[SourceDate "2018.10.10"]
[SourceVersion "1"]
[SourceVersionDate "2018.10.10"]
[SourceQuality "1"]

1. e4 g6 2. Bc4 Bg7 3. Nc3 d6 4. Nf3 Nc6 5. d3 Nf6 6. Be3 0-0 7. 0-0 e5 8. Bg5 h6 9. Be3 Kh8 10. Re1 Nd7 11. Nd5 f5 12. Nh4 Qe8 13. Nxc7 Qd8 14. Nxa8 Qxh4 15. Nc7 Nf6 16. Ne6 Bxe6 17. Bxe6 f4 18. g3 Qg5 19. h4 Qh5 20. Qxh5 Nxh5 21. Bd2 fxg3 22. fxg3 Nd4 23. Red1 Nxe6 24. Bb4 Nxg3 25. Bxd6 Ne2+ 26. Kg2 N6f4+ 27. Kf2 Bf6 28. Bxf8 Bxh4+ 29. Kf3 Nd4+ 30. Ke3 Nxc2+ 31. Kd2 Nxa1 32. Rxa1 Bg5 33. Bc5 Ne6+ 34. Kc3 Nxc5 35. d4 Nxe4+ 36. Kd3 Nf2+ 37. Kc4 exd4 38. Kxd4 Bf6+ 39. Ke3 Ng4+ 40. Kf4 h5 41. Rf1 Bxb2 42. Kg5 Kg7 43. Rg1 Bf6+ 44. Kf4 Bd4 45. Rd1 Be3+ 46. Kf3 Kf6 47. Re1 h4 48. Rh1 Kg5 49. Rh3 Nf2 50. Rh2 Ng4 51. Rg2 h3 52. Rxg4+ Kh5 53. Rg3 Kh4 54. Rxg6 h2 55. Kg2 Bg1 56. Kh1 Kh5 57. Kg2 Kxg6 0-1